[Event "HUN-chT2 Breyer 1819"]
[Site "Hungary"]
[Date "2019.04.28"]
[Round "9.6"]
[White "Rosta, Sandor"]
[Black "Kadlicsko, Jozsef"]
[Result "1-0"]
[WhiteElo "2051"]
[BlackElo "2070"]
[PlyCount "57"]
[EventDate "2018.10.28"]
[EventType "team-tourn"]
[EventRounds "9"]
[EventCountry "HUN"]
[SourceTitle "EXT 2021"]
[Source "ChessBase"]
[SourceDate "2020.10.23"]
[SourceVersion "1"]
[SourceVersionDate "2020.10.23"]
[SourceQuality "1"]
[WhiteTeam "Torokbalint"]
[BlackTeam "Szekesfehervar"]
[WhiteTeamCountry "HUN"]
[BlackTeamCountry "HUN"]

1. e4 c5 2. c3 d5 3. exd5 Qxd5 4. d4 Nf6 5. Nf3 e6 6. Be2 Be7 7. Na3 cxd4 8. Nb5 Qd8 9. Qxd4 Qxd4 10. Nbxd4 a6 11. 0-0 0-0 12. Rd1 Nbd7 13. h3 Re8 14. c4 Nf8 15. Be3 Ng6 16. Bf1 e5 17. Nb3 Nh5 18. g3 f5 19. Bc5 Bxc5 20. Nxc5 e4 21. Nd4 b6 22. Ncb3 Bb7 23. Nxf5 Ne5 24. Nd6 Nf3+ 25. Kg2 Bc6 26. Nxe8 Rxe8 27. Be2 Rf8 28. Bxf3 Rxf3 29. Nd4 1-0

[Event "HUN-chT2 Asztalos 1718"]
[Site "Hungary"]
[Date "2017.11.26"]
[Round "2.3"]
[White "Bator, Balazs"]
[Black "Kadlicsko, Jozsef"]
[Result "1-0"]
[WhiteElo "1977"]
[BlackElo "2122"]
[PlyCount "71"]
[EventDate "2017.10.29"]
[EventType "team-tourn"]
[EventRounds "9"]
[EventCountry "HUN"]
[SourceTitle "EXT 2021"]
[Source "ChessBase"]
[SourceDate "2020.10.23"]
[SourceVersion "1"]
[SourceVersionDate "2020.10.23"]
[SourceQuality "1"]
[WhiteTeam "Komlo Banyasz II"]
[BlackTeam "Kaposvar Bastya"]
[WhiteTeamCountry "HUN"]
[BlackTeamCountry "HUN"]

1. e4 c5 2. Nf3 e6 3. d4 cxd4 4. Nxd4 a6 5. Nc3 Qc7 6. Bd3 Nc6 7. Nxc6 bxc6 8. 0-0 Nf6 9. Kh1 d5 10. f4 h5 11. Qe1 Bc5 12. Qg3 Ng4 13. Be2 f5 14. exf5 exf5 15. Bxg4 hxg4 16. Re1+ Kf7 17. Qd3 Be6 18. Be3 d4 19. Bg1 Qxf4 20. Rf1 Qh6 21. Rxf5+ Bxf5 22. Qxf5+ Qf6 23. Qd7+ Be7 24. Ne4 Qf4 25. Qxc6 Rad8 26. Re1 Bf6 27. Qc4+ Kg6 28. Qd3 Rh6 29. Nxf6+ Qf5 30. Nxg4 Qxd3 31. cxd3 Rh5 32. Re4 Rc5 33. Rxd4 Rxd4 34. Bxd4 Rd5 35. Bc3 Rxd3 36. Ne5+ 1-0

[Event "HUN-chT2 Asztalos 1415"]
[Site "Hungary"]
[Date "2014.11.30"]
[Round "3.7"]
[White "Heinrich, Ferenc"]
[Black "Kadlicsko, Jozsef"]
[Result "1/2-1/2"]
[WhiteElo "1960"]
[BlackElo "2117"]
[PlyCount "86"]
[EventDate "2014.10.12"]
[EventType "team-tourn"]
[EventRounds "9"]
[EventCountry "HUN"]
[SourceTitle "EXT 2016"]
[Source "ChessBase"]
[SourceDate "2015.10.08"]
[SourceVersion "1"]
[SourceVersionDate "2015.10.08"]
[SourceQuality "1"]
[WhiteTeam "Kaposvar Bastya"]
[BlackTeam "Fehervar"]
[WhiteTeamCountry "HUN"]
[BlackTeamCountry "HUN"]

1. d4 d5 2. Nc3 Nf6 3. Bg5 Nbd7 4. e3 h6 5. Bh4 e6 6. f3 c5 7. Nce2 Qb6 8. b3 Be7 9. Bf2 cxd4 10. exd4 Qc7 11. c3 b5 12. Be3 b4 13. cxb4 Bxb4+ 14. Kf2 Ba6 15. Nh3 0-0 16. Nef4 Bxf1 17. Rxf1 Rac8 18. Kg1 Bd6 19. Rc1 Qb8 20. g3 Rxc1 21. Qxc1 Rc8 22. Qb2 Qb4 23. Rc1 Rxc1+ 24. Qxc1 Qb5 25. Qc8+ Nf8 26. Qc2 N6d7 27. Nd3 f6 28. f4 Bc7 29. Nc5 Nxc5 30. Qxc5 Qd3 31. Qc1 Bb6 32. Nf2 Qb5 33. Qc3 Qe2 34. a4 a5 35. b4 axb4 36. Qxb4 Qa6 37. Bd2 Qa7 38. Bc3 e5 39. a5 Bxd4 40. Bxd4 exd4 41. Qb5 Nd7 42. Qxd5+ Kf8 43. Nd3 Ke7 1/2-1/2

[Event "HUN-chT2 Charousek 1112"]
[Site "Hungary"]
[Date "2012.05.20"]
[Round "11"]
[White "Kadlicsko, Jozsef"]
[Black "Szinavel, Zsolt"]
[Result "1/2-1/2"]
[WhiteElo "2109"]
[BlackElo "2118"]
[PlyCount "107"]
[EventDate "2011.09.25"]
[EventType "team-tourn"]
[EventRounds "11"]
[EventCountry "HUN"]
[SourceTitle "EXT 2016"]
[Source "ChessBase"]
[SourceDate "2015.10.08"]
[SourceVersion "1"]
[SourceVersionDate "2015.10.08"]
[SourceQuality "1"]
[WhiteTeam "Fehervar"]
[BlackTeam "Kisber Aszar"]
[WhiteTeamCountry "HUN"]
[BlackTeamCountry "HUN"]

1. d4 e6 2. Nf3 Nf6 3. e3 b6 4. Bd3 Bb7 5. Nbd2 d5 6. b3 Nbd7 7. Bb2 Be7 8. 0-0 0-0 9. Qe2 c5 10. Ne5 Qc7 11. Nxd7 Nxd7 12. f4 a6 13. a4 Bf6 14. Rac1 b5 15. c3 bxa4 16. bxa4 Rfb8 17. Nf3 Bc6 18. Ne5 g6 19. Ba3 c4 20. Bc2 Bg7 21. h4 Nf6 22. g4 Be8 23. f5 exf5 24. gxf5 Nh5 25. fxg6 hxg6 26. Qg4 Bxe5 27. dxe5 Qxe5 28. Rf3 Nf6 29. Qg2 Ne4 30. Rcf1 Rb7 31. h5 Qg5 32. hxg6 Qxg2+ 33. Kxg2 fxg6 34. Rf8+ Kg7 35. Bxe4 dxe4 36. R1f4 Rf7 37. Kg3 Rxf4 38. Rxf4 Bc6 39. Bc5 Bxa4 40. Rxe4 Bb5 41. Bd4+ Kf7 42. Rf4+ Ke7 43. Rg4 Rg8 44. Rg5 Kf7 45. Rc5 Re8 46. Kf4 Re6 47. Kg5 Rc6 48. Rd5 Rc7 49. Rd6 Rc6 50. Rd7+ Kf8 51. Ra7 Re6 52. Rb7 Be8 53. Rc7 Rc6 54. Bc5+ 1/2-1/2

[Event "HUN-chT2 Charousek 1112"]
[Site "Hungary"]
[Date "2012.03.11"]
[Round "7"]
[White "Kaczur, Florian"]
[Black "Kadlicsko, Jozsef"]
[Result "1-0"]
[WhiteElo "2143"]
[BlackElo "2109"]
[PlyCount "99"]
[EventDate "2011.09.25"]
[EventType "team-tourn"]
[EventRounds "11"]
[EventCountry "HUN"]
[SourceTitle "EXT 2013"]
[Source "ChessBase"]
[SourceDate "2012.11.22"]
[SourceVersion "1"]
[SourceVersionDate "2012.11.22"]
[SourceQuality "1"]
[WhiteTeam "Paks II"]
[BlackTeam "Fehervar"]
[WhiteTeamCountry "HUN"]
[BlackTeamCountry "HUN"]

1. d4 d5 2. c4 e6 3. Nf3 Nf6 4. Nc3 Be7 5. Bg5 Nbd7 6. e3 c6 7. Rc1 h6 8. Bh4 0-0 9. Qc2 a6 10. c5 Re8 11. Be2 e5 12. dxe5 Ng4 13. Bg3 Bxc5 14. h3 Ngxe5 15. Nxe5 Nxe5 16. Nxd5 Qxd5 17. Qxc5 Qxg2 18. Bxe5 Qxh1+ 19. Kd2 Qe4 20. Bd4 Bf5 21. Rg1 Bg6 22. Rg4 Qe7 23. Qxe7 Rxe7 24. f4 Rd8 25. b4 Rxd4+ 26. exd4 Re4 27. Bc4 Rxd4+ 28. Kc3 Re4 29. Rxg6 Rxc4+ 30. Kxc4 fxg6 31. Kc5 Kf7 32. Kb6 Kf6 33. Kxb7 Kf5 34. Kxa6 Kxf4 35. a4 Kg3 36. b5 cxb5 37. axb5 Kxh3 38. b6 g5 39. b7 g4 40. b8Q h5 41. Kb5 g3 42. Kc4 g2 43. Qb6 Kh2 44. Qf2 g5 45. Kd3 Kh1 46. Qf3 g4 47. Qd5 h4 48. Qg5 h3 49. Qxg4 h2 50. Qe4 1-0